| 000 | 00739nam a2200241 i 4500 | ||
|---|---|---|---|
| 001 | 113304 | ||
| 003 | ES-MaACL | ||
| 005 | 20230906185834.0 | ||
| 008 | 061121s1977 sp |||| | spa d | ||
| 020 | _a84-7367-040-X | ||
| 080 | _a323.17 | ||
| 100 | 1 |
_aNin, Andreu. _985748 |
|
| 245 | 1 | 4 |
_aLos movimientos de emancipación nacional / _cAndrés Nin ; traducción de Emilio Olcina Aya. |
| 250 | _a2ª ed. | ||
| 260 |
_aBarcelona : _bFontamara, _c1977. |
||
| 300 |
_a210 p. ; _c19 cm. |
||
| 490 | 1 | _aLa naturaleza de las cosas | |
| 650 | 4 |
_aAutodeterminación nacional. _9170862 |
|
| 700 | 1 |
_aOlcina Aya, Emilio. _986687 |
|
| 830 | 1 |
_aLa naturaleza de las cosas _9233182 |
|
| 852 |
_aES-MaACL _jA-6977 |
||
| 999 |
_c113304 _d113304 |
||